Which Eastern European country... - Statistics

General Stats
  • This quiz has been taken 11 times
  • The average score is 15 of 21
Answer Stats
Hint Answer % Correct
Hrabia Dracula comes from there Romania
100%
Consists of Bohemia, Moravia and a part of Silesia Czech Republic
91%
His name translates into "Black Mountain" in Spanish Montenegro
91%
Biggest in the world Russia
91%
His flag is yellow and blue Ukraine
91%
Lake Balaton is located there Hungary
82%
Youngest country in Europe Kosovo
82%
Has a death penalty Belarus
73%
His cities include Rijeka, Spilit and Zadar Croatia
73%
The first country to introduce internet voting Estonia
73%
Was in union with Lithuania Poland
73%
His capital is Belgrade Serbia
73%
His capital city is located 56 kilometers from Vienna Slovakia
73%
Left the Warsaw Pact Albania
64%
His capital city hosted the 1984 Winter Olimpics Bosnia and Herzegovina
64%
Created the cyrillic alphabet Bulgaria
64%
Controls the rebelious region of Transnistria Moldova
64%
The first country that broke from Yugoslavia Slovenia
64%
Southernmost baltic country Lithuania
55%
Birthplace of Mother Teresa North Macedonia
45%
Invented spy cameras Latvia
36%
No matching quizzes found
Score Distribution
Percent of People with Each Score
Percentile by Number Answered
Your Score History
You have not taken this quiz